Score 0/10 Timer 03:00
1 Play Today
Title Missing Word % Correct
My Big Fat ____ WeddingGreek
97.9%
The _____ JobItalian
94.7%
The _____ ConnectionFrench
93.5%
An _____ in ParisAmerican
91.5%
The ____ PatientEnglish
89%
_____ Family RobinsonSwiss
84.7%
The _____ FalconMaltese
75.2%
_____ BaconCanadian
64.5%
The Good _____German
51.1%
The _____ PrisonerSpanish
37.9%

Today's Daily Dose

Remove Ads.
Support Sporcle.
Get the best of Sporcle when you Go Orange. This ad-free experience offers more features, more stats, and more fun while also helping to support Sporcle. Thank you for becoming a member.

You're not logged in!

Compare scores with friends on all Sporcle quizzes.
OR
Log In

Show Comments

Extras

Top Quizzes Today


Score Distribution

Your Account Isn't Verified!

In order to create a playlist on Sporcle, you need to verify the email address you used during registration. Go to your Sporcle Settings to finish the process.

Report this User

Report this user for behavior that violates our Community Guidelines.

Details: